Estatísticas para Adivinhe a Língua

Clique aqui para jogar o quiz

Estatísticas Gerais

  • Esse quiz foi jogado 26 900 vezes
  • A pontuação média é 12 de 24

Estatísticas das Respostas

Língua% Correto
Inglês
100%
Espanhol
98%
Francês
96%
Árabe
94%
Chinês
87%
Português
87%
Russo
86%
Coreano
71%
Japonês
69%
Alemão
65%
Italiano
62%
Hebreu
41%
Holandês
40%
Grego
38%
Turco
33%
Tailandês
32%
Hindi
24%
Sueco
22%
Vietnamita
20%
Persa
18%
Malaio
5%
Urdu
5%
Suaíli
4%
Marati
2%

Distribuição das Pontuações

Percentil de Números Respondidos

Porcentagem de Pessoas com Cada Pontuação

Sua Pontuação Histórica

Você não jogou esse quiz